Homme du match de chaque finale de LDC depuis 2000 - Statistiques

Statistiques générales
  • Ce quiz a été pris 128 fois
  • Le résultat moyen est 16 sur 26
Statistiques - réponses
Années Vainqueur Finaliste Nom % Correct
2025 Paris-Saint-Germain Inter Milan Désiré Doué
99%
2023 Manchester City Inter Milan Rodri
83%
2017 Real Madrid Juventus Cristiano Ronaldo
81%
2020 Bayern Munich Paris-Saint-germain Kingsley Coman
80%
2015 FC Barcelone Juventus Andrés Iniesta
75%
2018 Real Madrid Liverpool Gareth Bale
75%
2021 Chelsea Manchester City N'Golo Kanté
75%
2011 FC Barcelone Manchester United Lionel Messi
74%
2022 Real Madrid Liverpool Thibaut Courtois
71%
2012 Chelsea Bayern Munich Didier Drogba
69%
2016 Real Madrid Atlético Madrid Sergio Ramos
69%
2024 Real Madrid Borussia Dortmund Dani Carvajal
68%
2013 Bayern Munich Borussia Dortmund Arjen Robben
66%
2019 Liverpool Tottenham Hotspur Virgil Van Dijk
66%
2002 Real Madrid Bayer Leverkusen Zinédine Zidane
60%
2009 FC Barcelone Manchester United Xavi
57%
2010 Inter Milan Bayern Munich Diego Milito
54%
2005 Liverpool AC Milan Steven Gerrard
54%
2014 Real Madrid Atlético Madrid Angel Di Maria
46%
2004 FC Porto AS Monaco Deco
46%
2006 FC Barcelone Arsenal Samuel Eto'o
46%
2007 AC Milan Liverpool Filippo Inzaghi
43%
2008 Manchester United Chelsea Edwin Van Der Sar
39%
2003 AC Milan Juventus Paolo Maldini
39%
2001 Bayern Munich Valence CF Oliver Kahn
28%
2000 Real Madrid Valence CF Steve McManaman
8%
Aucun quiz correspondant
Distribution des résultats
% des personnes avec chaque résultat
Percentile par nombre de réponses
Votre historique - résultats
Vous n’avez pas pris ce quiz